ARRUPE JESUIT UNIVERSITY

CORONAVIRUS -STOP THE SPREAD - CLEAN,DISINFECT,COVER

Chief pre-shakespearean dramas: (Record no. 122425)

MARC details
000 -LEADER
fixed length control field 00653nam a22001577a 4500
008 - FIXED-LENGTH DATA ELEMENTS--GENERAL INFORMATION
fixed length control field 150312b xxu||||| |||| 00| 0 eng d
050 ## - LIBRARY OF CONGRESS CALL NUMBER
Classification number PR1260.A3
100 ## - MAIN ENTRY--PERSONAL NAME
Personal name Adams, Joseph Quincy
9 (RLIN) 16288
245 ## - TITLE STATEMENT
Title Chief pre-shakespearean dramas:
Remainder of title a selection of plays illustrating the history of the english drama from its origin down to shakespeare
Statement of responsibility, etc /by Joseph Quincy Adams
260 ## - PUBLICATION, DISTRIBUTION, ETC. (IMPRINT)
Place of publication, distribution, etc Boston
Name of publisher, distributor, etc The Riverside Press
Date of publication, distribution, etc 1924
300 ## - PHYSICAL DESCRIPTION
Extent vii,712p. ;
Dimensions 21cm.
650 ## - SUBJECT ADDED ENTRY--TOPICAL TERM
Topical term or geographic name as entry element English drama
General subdivision Medieval
9 (RLIN) 16289
650 ## - SUBJECT ADDED ENTRY--TOPICAL TERM
Topical term or geographic name as entry element Mysteries and miracle
General subdivision Plays, English
9 (RLIN) 16290
650 ## - SUBJECT ADDED ENTRY--TOPICAL TERM
Topical term or geographic name as entry element English drama
General subdivision Early modern and Elizabethan
9 (RLIN) 16291
942 ## - ADDED ENTRY ELEMENTS (KOHA)
Source of classification or shelving scheme Library of Congress Classification
Item type Monograph ( Printed materials)
Holdings
Withdrawn status Lost status Source of classification or shelving scheme Damaged status Not for loan Collection code Home library Current library Shelving location Date acquired Total Checkouts Full call number Barcode Date last seen Price effective from Koha item type
    Library of Congress Classification     Main Collection ARRUPE LIBRARY ARRUPE LIBRARY Main Collection 12/03/2015   PR1260.A3 46500002693 12/03/2015 12/03/2015 Monograph ( Printed materials)

 

Arrupe Library. PO Box MP320 Mt Pleasant, Harare, Zimbabwe
263 242 745411|librarian@aju.ac.zw